Externality vo vybranom odvetví a možnosti ich riešenia diplomová práca

Na minha lista:
Detalhes bibliográficos
Autor principal: Ternová, Eva
Autor Corporativo: Národohospodárska fakulta EU. Katedra ekonómie
Outros Autores: Veselková, Alexandra
Formato: Livro
Idioma:eslovaco
Publicado em: Bratislava 2018
Tags: Adicionar Tag
Sem tags, seja o primeiro a adicionar uma tag!

MARC

LEADER 00000nbm a2200000 4500
001 0244395
005 20181127085516.1
041 0 |a slo 
044 |a SK 
245 1 0 |a Externality vo vybranom odvetví a možnosti ich riešenia  |b diplomová práca  |c Eva Ternová ; školiteľ: Alexandra Veselková 
264 1 |a Bratislava  |c 2018 
300 |a 62 s. 
100 1 |a Ternová, Eva 
700 1 |a Veselková, Alexandra 
710 2 |a Národohospodárska fakulta EU. Katedra ekonómie